000 00539nam a2200181Ia 4500
005 20250508152140.0
008 008 250505s9999 xx 000 0 eng d
037 _aTextual
040 _aFEDL
_beng
_cFEDL
041 _aeng
_2eng
084 _a540.954, RAY
_qFEDL
100 _aRay Prafulla Chandra
_9581799
245 0 _aHistory of chemistry in ancient and medieval India
260 _aCalcutta, India
_bIndian Chemical Society
_c1956
300 _a494p
942 _cTEXL
_h540.954, RAY
999 _c1334573
_d1334573